| 000 | 01658nam a22002777a 4500 | ||
|---|---|---|---|
| 005 | 20251219084532.0 | ||
| 008 | 251219b |||||||| |||| 00| 0 eng d | ||
| 020 |
_a9780801094613 _q(paperback) |
||
| 040 |
_aDLC _beng _cDLC _erda _dKMU |
||
| 042 | _apcc | ||
| 050 | 0 | 0 | _aBV4501.3 |
| 100 | 1 |
_aPitman, Vance, _eauthor. |
|
| 245 | 1 | 0 |
_aUnburdened : _bstop living for Jesus so Jesus can live through you / _cVance Pitman. |
| 264 | 1 |
_aGrand Rapids, Michigan : _bBaker Books, a division of Baker Publishing Group, _c[2020] |
|
| 300 |
_a217 pages ; _c22 cm |
||
| 336 |
_atext _btxt _2rdacontent |
||
| 337 |
_aunmediated _bn _2rdamedia |
||
| 338 |
_avolume _bnc _2rdacarrier |
||
| 504 | _aIncludes bibliographical references. | ||
| 505 | 0 | _a:The Foundation -- The Problem: We're Aiming at the Wrong Target -- The Solution: It's All About Relationships -- Abide -- The Goal of the Christian Life -- Freedom from "Trying" -- Freedom from Sin and Temptation -- Connect -- You Belong to God's Family -- Freedom from Relational Conflict -- Freedom from Isolation -- Share -- You Have a Mission -- Freedom from Complacency -- Freedom from This World -- The Five Percent Life Challenge. | |
| 520 |
_a"Pastor and church planter frees us from the burdens of legalism and the do's and don'ts of religion in order to focus on our relationship with God, the church, and the world so we can enter into the freedom Jesus offers"-- _cProvided by publisher. |
||
| 650 | 0 | _aChristian life. | |
| 906 |
_a7 _bcbc _corignew _d1 _eecip _f20 _gy-gencatlg |
||
| 942 |
_2lcc _cBK _n0 |
||
| 999 |
_c2482 _d2482 |
||